| 000 | 00000nam##2200000za#4500 |
| 001 | 9.681380 |
| 003 | CaOODSP |
| 005 | 20200401075124 |
| 007 | ta |
| 008 | 150407|2001||||xxc||||| f|0| 0 fre|d |
| 020 | |a0-662-85445-4 |
| 040 | |aCaOODSP|bfre |
| 043 | |an-cn--- |
| 086 | 1 |aR62-336/2001F |
| 110 | 1 |aCanada.|bPatrimoine canadien. |bParcs Canada. |
| 245 | 10|aPremière priorité: rapport d'étape sur la mise en oeuvre des recommandations de la Commission sur l'intégrité écologique des parcs nationaux de Canada |
| 260 | |aOttawa - Ontario : |bPatrimoine canadien. |c2001. |
| 300 | |av, 75p. ; |c28 cm. |
| 563 | |aCouverture souple |
| 590 | |a01-16|b2001-04-20 |
| 691 | 07|aParc national|2gcpds |
| 691 | 07|aPolitique environnementale|2gcpds |
| 691 | 07|aÉcologie|2gcpds |
| 691 | 07|aÉcosystème|2gcpds |
| 775 | 08|tFirst priority: progress report on implementation of the recommendations of the Panel on the Ecological Integrity of Canada's National Parks |w(CaOODSP)9.647994 |
| 776 | 0#|tPremière priorité : |w(CaOODSP)9.642282 |